Chorobnosť a úmrtnosť populácie v Európe diplomová práca

Na minha lista:
Detalhes bibliográficos
Autor principal: Miková, Simona
Autor Corporativo: Fakulta hospodárskej informatiky EU. Katedra štatistiky
Outros Autores: Sivašová, Daniela, 1955-
Formato: Livro
Idioma:eslovaco
Publicado em: Bratislava 2022
Tags: Adicionar Tag
Sem tags, seja o primeiro a adicionar uma tag!

MARC

LEADER 00000nbm a2200000 4500
001 0284473
005 20230123103411.0
041 0 |a slo 
044 |a SK 
245 1 0 |a Chorobnosť a úmrtnosť populácie v Európe  |b diplomová práca  |c Simona Miková ; školiteľ: Daniela Sivašová 
264 1 |a Bratislava  |c 2022 
300 |a 61 s. 
100 1 |a Miková, Simona 
700 1 |a Sivašová, Daniela, 1955- 
710 2 |a Fakulta hospodárskej informatiky EU. Katedra štatistiky